| 000 | 01178nam a2200265 i 4500 | ||
|---|---|---|---|
| 001 | 164468 | ||
| 003 | ES-MaACL | ||
| 005 | 20250816063147.0 | ||
| 008 | 940301s1882 sp |||| | spa d | ||
| 100 | 1 |
_aSalustio Crispo, Cayo, _d86 a.C.-34 a.C. _9102051 |
|
| 245 | 1 | 3 |
_aLa conjuración de Catilina _b; y La guerra de Jugurta ; Fragmentos de la Grande historia / _cCayo Salustio Crispo ; traducidas [las dos primeras obras] por el Infante D. Gabriel, [y la tercera] por Marcelino Menéndez Pelayo. |
| 260 |
_aMadrid : _bLuis Navarro, _c1882 ( _fImp. Central a cargo de V. Sáiz) |
||
| 300 |
_a350 p. ; _c18 cm. |
||
| 490 | 1 |
_aBiblioteca clásica ; _v15 |
|
| 650 | 4 |
_aGuerra de Yugurta, 111 a.C.-105 a.C. _9169336 |
|
| 651 | 4 |
_aRoma- _xHistoria- _y65-62 a.C. Conjuración de Catilina. _9159880 |
|
| 700 | 1 |
_aBorbón, Gabriel de, _cInfante de España, _d1752-1788 _9126078 |
|
| 700 | 1 |
_aMenéndez y Pelayo, Marcelino, _980332 _d1856-1912 |
|
| 740 | 3 | 2 | _aLa guerra de Jugurta. |
| 740 | 0 | 2 | _aFragmentos de la Grande historia. |
| 830 | 1 |
_aBiblioteca clásica ; _v15 _9180370 |
|
| 852 |
_aES-MaACL _jC-3558 _z- Enc. hol. |
||
| 942 | _2udc | ||
| 999 |
_c164468 _d164468 |
||